| 000 | 00507nam a2200169 a 4500 | ||
|---|---|---|---|
| 005 | 20210223121203.0 | ||
| 008 | 991125s1927 mx 000 0 spa u | ||
| 035 | _aUPN01000013626 | ||
| 049 | _aSEP | ||
| 050 | 4 |
_aLB2835 _bD42 |
|
| 245 | 0 | 0 | _aDecreto que reglamenta la estabilidad del magisterio. |
| 260 |
_aMéxico : _bSEP, _c1927. |
||
| 300 | _a13 p. | ||
| 440 | 0 |
_aSecretaría de Educación Pública. _pPublicaciones ; _v12.15 |
|
| 650 | 4 |
_aMAESTROS - _xSITUACION LEGAL, LEYES, ETC. _9749 |
|
| 905 | _aLibro | ||
| 999 |
_c13626 _d13626 |
||